Frein ou Frin ? - Statistiques

Statistiques générales
  • Ce quiz a été pris 21 fois
  • Le résultat moyen est 2 sur 5
Statistiques - réponses
Question Réponse % Correct
Est-une pédale ? Frein
100%
Qui est éteint ? Frin
75%
Est à droite Frin
44%
Qui s'est retrouvé à Bali ? Les deux
25%
Est apparu au XIXe siècle Frin
0%
Aucun quiz correspondant
Distribution des résultats
% des personnes avec chaque résultat
Percentile par nombre de réponses
Votre historique - résultats
Vous n’avez pas pris ce quiz